000
00316nam a2200133Ia 4500
005
20260328101504.0
008
260328s9999||||xx |||||||||||||| ||und||
100
_a
Sharp, Dennis
245
0
_a
Santiago Calatrava /
_c
Dennis Sharp
260
_b
E. & F.N. Spon
300
_a
96 p.
650
_a
ARQUITECTOS
942
_c
BK
999
_c
8990
_d
8990